000 00588nam a22002417a 4500
003 UA-OsUOA
001 32052
007 ta
008 20050120b un ||||| |||| 00| 0 ukr d
100 _aРаковський Л.
090 _a35:929
_bР19
942 _cBK
040 _aUA-OsUOA
_brus
_cUA-OsUOA
_dUA-OsUOA
245 _aГенералиссимус Суворов
300 _a583 с.
955 _a0
041 _arus
080 _a35:929
260 _aЛенинград
_bСоветский писатель
_c1984
044 _aRU
650 7 _2UDC
999 _c318489
_d318489